Najniżej punktowane państwa w Scrabble - Statystyki

Ogólne statystyki
  • Ten quiz został rozwiązany 3 823 razy
    1 270 od ostatniego zresetowania
  • Średni wynik to 8 z 11
Statystyki odpowiedzi
Punkty Kontynent Państwo % Poprawnych
5 Azja Irak
82%
4 Azja Iran
82%
5 Azja Oman
82%
5 Azja Laos
75%
6 Azja Indie
68%
6 Afryka Czad
67%
6 Afryka Mali
67%
6 Australia i Oceania Samoa
65%
6 Europa Dania
64%
6 Azja Syria
54%
6 Afryka Kenia
49%
Nie znaleziono quizów pasujących do podanych kryteriów
Rozkład punktacji
Procent ludzi z każdym wynikiem
Percentyl według liczby udzielonych odpowiedzi
Twoja historia wyników
Nie rozwiązałeś tego quizu od ostatniego zresetowania